00676nam a2200193 a 450000100100000000500170001000800410002702000140006804000250008208200140010724501000012126000500022130000110027150000210028270000260030370000240032995201120035399900170046500003720820200930080216.0120305s1972 xxc 001 0 spa d a802018033 aDO-SdBNPbspacBNPHU axxxbE96s00aExperimentation and simulation in political science. /ceditado por J. A. Laponce, Paul Smoker. aCanada, :bUniversity of Toronto Pres,c1972. a465 p. aIncluye índice1 aLaponce, J. A.9636241 aSmoker, Paul963625 001050718MOaGRbGRcCTd2012-03-05iLF1l0oxxx E96sp37208-10r2020-06-25w2020-06-25y1ZNo se presta c36698d36698